| 000 | 00539pam a22001694a 4500 | ||
|---|---|---|---|
| 020 | _a1853838977 (Paperback) | ||
| 020 | _a1853839000 (Hardback) | ||
| 040 | _cDLC | ||
| 082 | 0 | 0 | _a363 EAR 2002 C148 Or. |
| 100 | 1 | _aBirkeland, Janis, | |
| 245 | 1 | 0 |
_aDesign for sustainability : _ba sourcebook of integrated, eco-logical solutions / |
| 260 |
_aLondon ; _aSterling, VA : _bEarthscan Publications, _c2002 |
||
| 300 |
_axiv, 274 p. : _bill. ; _c28 cm |
||
| 650 | 0 | _aEcological engineering | |
| 650 | 0 | _aSustainable development | |
| 942 | _cAEDBB | ||
| 999 |
_c18586 _d18586 |
||